000 00470nam a2200181Ia 4500
005 20250326141855.0
008 250326s9999 xx 000 0 und d
037 _aTextbook
040 _aFMSL
_beng
_cFMSL
041 _aeng
_2eng
084 _qFMSL
100 _aSamuelson P A
245 0 _aEconomics
_cSamuelson P A; Nordhaus W D
260 _aNew York
_bNew York, Mc Graw Hill Book co.
_c1989
300 _a1053p
942 _cTB
999 _c1292391
_d1292391